La Violència de la legalitat repressiva franquista / Marc Carrillo
ISBN:
978-84-95417-81-7
Descripción Física:
103 p. ; 21 cm
Colección:
Textos d'història i Cultura ; 5
MARC
| LEADER | 00000nam a2200000Ia 4500 | ||
|---|---|---|---|
| 001 | 21529 | ||
| 008 | 160829s2008 xx 000 0 cat d | ||
| 020 | |a 978-84-95417-81-7 | ||
| 080 | |a H-3-80 | ||
| 100 | |a Carrillo, Marc |9 8590 | ||
| 245 | |a La Violència de la legalitat repressiva franquista / Marc Carrillo | ||
| 260 | |a Barcelona : |b Fundació Carles Pi i Sunyer d'Estudis Autonòmics i Locals, |c 2008 | ||
| 300 | |a 103 p. ; |c 21 cm | ||
| 490 | |a Textos d'història i Cultura ; 5 | ||
| 590 | |a A la coberta: Arxiu Històric de la Fundació Carles Pi i Sunyer | ||
| 650 | 0 | |a Franquisme |9 31577 | |
| 650 | |a Violència política |x Espanya |9 42401 | ||
| 650 | |a Persecucions polítiques |x Espanya |9 42402 | ||
| 710 | 1 | |a Fundació Carles Pi i Sunyer d'Estudis Autonòmics i Locals |9 52753 | |
| 901 | |a Arxiu | ||
| 942 | |n 1 | ||
| 952 | |0 0 |1 0 |4 0 |6 H380 |7 1 |9 50830 |a Arxiu |b Arxiu |d 2016-12-01 |l 0 |o H-3-80 |p 21529 |r 2016-12-01 00:00:00 |w 2016-12-01 |y ARXIU | ||
| 999 | |c 54672 |d 54672 | ||